Countries and Territories with Shortest Land Borders - Statistics

General Stats
  • This quiz has been taken 114 times
  • The average score is 11 of 20
Answer Stats
Length Countries % Correct
4.4 km Monaco
94%
120 km Andorra
90%
76 km Liechtenstein
87%
3.2 km Vatican City
87%
39 km San Marino
84%
359 km Luxembourg
72%
60 km Qatar
71%
360 km Haiti
67%
68 km Denmark
63%
360 km Dominican Republic
62%
228 km East Timor
53%
1.2 km Gibraltar
51%
238 km South Korea
48%
10.2 km Saint Martin
45%
30 km Hong Kong
33%
0.34 km Macau
28%
62 km Palestine
22%
152 km Akrotiri and Dhekelia
16%
0.05 km Saint Pierre and Miquelon
7%
0.5 km Aland Islands
3%
No matching quizzes found
Score Distribution
Percent of People with Each Score
Percentile by Number Answered
Your Score History
You have not taken this quiz